| 000 | 00755nam a2200253Ia 4500 | ||
|---|---|---|---|
| 003 | OSt | ||
| 005 | 20220927102931.0 | ||
| 006 | a|||||r|||| 00| 0 | ||
| 007 | ta | ||
| 008 | 220926b |||||||| |||| 00| 0 eng d | ||
| 024 | _a43612 | ||
| 037 | _cReference Collections | ||
| 040 |
_aRTL _cRTL _beng |
||
| 041 |
_2eng _aeng |
||
| 082 | _a"X:16.2.N5, J3/GD" | ||
| 110 |
_a"India, Labour (Bureau)" _9350942 |
||
| 245 | 0 |
_aCost of living index numbers in India _b A monograph |
|
| 260 |
_aDelhi _bMOP _c1953 |
||
| 300 |
_a194p _ccm. |
||
| 650 |
_aStandard of Living Economics _9350943 |
||
| 700 |
_a"India, Labour (Bureau)" _9350944 |
||
| 942 |
_h"X:16.2.N5, J3/GD" _cCC |
||
| 999 |
_c679297 _d679297 |
||